000 00331nam a2200133Ia 4500
003 SISC
005 20180213140024.0
008 180205s9999 xx 000 0 und d
100 _aRemarque, Erich Maria
245 _aAll quiet on the Western front /
260 _aUSA
_bCrest book
_c1958
300 _a175 pages
942 _2lcc
_cBK
999 _c354753
_d354753